[Event "41st World U20 ch"]
[Site "Panaji IND"]
[Date "2002.12.10"]
[Round "3.16"]
[White "Miton, Kamil"]
[Black "Leong Chee Ming, Luke"]
[Result "1-0"]
[WhiteElo "2564"]
[BlackElo "2297"]
[EventDate "2002.12.09"]
[PlyCount "59"]

1.d4 Nf6 2.c4 e6 3.g3 c5 4.d5 exd5 5.cxd5 b5 6.Bg2 Bb7 7.e4 d6 8.f4 g6 9.
Nh3 Bg7 10.O-O O-O 11.Re1 Nfd7 12.Nf2 Nb6 13.Nd2 N8d7 14.Rb1 Rc8 15.b3 c4 
16.Nf3 Nc5 17.Be3 cxb3 18.axb3 a5 19.Nd4 a4 20.b4 Bxd4 21.Bxd4 Nb3 22.Ng4 
Nxd4 23.Qxd4 f6 24.Bf1 Ba6 25.e5 dxe5 26.fxe5 Nxd5 27.e6 h5 28.e7 Nxe7 29.
Nxf6+ Kh8 30.Nd5+ 1-0

[Event "41st World U20 ch"]
[Site "Panaji IND"]
[Date "2002.12.10"]
[Round "3.17"]
[White "Timofeev, Artiom"]
[Black "Dutta, Sayantan"]
[Result "1-0"]
[WhiteElo "2558"]
[BlackElo "2275"]
[EventDate "2002.12.09"]
[PlyCount "63"]

1.e4 e6 2.d4 d5 3.Nd2 Nf6 4.e5 Nfd7 5.Bd3 c5 6.c3 Nc6 7.Ne2 cxd4 8.cxd4 f6
9.exf6 Nxf6 10.Nf3 Bd6 11.O-O O-O 12.Bg5 Bd7 13.Rc1 Be8 14.Ng3 h6 15.Bd2 
Nh5 16.Qe2 Qf6 17.Rce1 Nxg3 18.hxg3 Bf7 19.Qe3 Kh8 20.Ne5 Bxe5 21.dxe5 Qe7
22.g4 Qh4 23.f3 Bg8 24.b4 a6 25.Qb6 Rf7 26.a4 Bh7 27.Bxh7 Kxh7 28.b5 axb5 
29.axb5 Ra2 30.bxc6 Rxd2 31.Qb4 Rxf3 32.Qxd2 1-0

[Event "41st World U20 ch"]
[Site "Panaji IND"]
[Date "2002.12.10"]
[Round "3.18"]
[White "Geirnaert, Steven"]
[Black "Inarkiev, Ernesto"]
[Result "1/2-1/2"]
[WhiteElo "2277"]
[BlackElo "2556"]
[EventDate "2002.12.09"]
[PlyCount "148"]

1.e4 g6 2.d4 Bg7 3.g3 d6 4.Bg2 Nf6 5.Nc3 O-O 6.Nge2 Nbd7 7.O-O Rb8 8.h3 c5
9.Be3 b6 10.Qd2 a6 11.Rad1 Bb7 12.g4 cxd4 13.Bxd4 Ne5 14.Ng3 Nc4 15.Qe2 
Nxb2 16.Rb1 e5 17.Be3 Rc8 18.Rxb2 Rxc3 19.Rxb6 Qc7 20.Qd2 Bc8 21.Qxd6 Qxd6
22.Rxd6 Rxc2 23.a3 Ne8 24.Rd2 Rc6 25.Rb1 Nd6 26.Bf1 Be6 27.Rdb2 Nc4 28.Rc1
Rfc8 29.Rbc2 Bf8 30.a4 f6 31.Bd3 a5 32.Nf1 Ba3 33.Bxc4 Bxc4 34.Ra1 Bb4 35.
Rac1 Ba3 36.Ra1 Bxf1 37.Rxc6 Rxc6 38.Kxf1 Bb2 39.Rb1 Rc2 40.Bb6 Bd4 41.
Bxd4 exd4 42.Rb5 d3 43.Rd5 Rc4 44.f3 Rxa4 45.Rxd3 g5 46.Kf2 h6 47.Kg3 Ra1 
48.Rd6 Kg7 49.Rd7+ Kg8 50.Ra7 a4 51.Kg2 Ra2+ 52.Kg3 a3 53.Ra6 Kf7 54.e5 
fxe5 55.Rxh6 Ra1 56.Ra6 Ke7 57.h4 a2 58.Kh2 gxh4 59.Kg2 Kf7 60.Kh2 h3 61.
Ra7+ Kf6 62.Ra6+ Kf7 63.Ra7+ Kg6 64.Ra6+ Kg5 65.Ra4 Rf1 66.Rxa2 Rxf3 67.
Re2 Kf6 68.Re4 Ra3 69.Re1 Ke6 70.g5 Kf5 71.g6 Ra2+ 72.Kxh3 Ra6 73.Rg1 Rxg6
74.Rxg6 Kxg6 1/2-1/2

[Event "41st World U20 ch"]
[Site "Panaji IND"]
[Date "2002.12.10"]
[Round "3.19"]
[White "Poliakov, Dmitry"]
[Black "Jeremic, Veljko"]
[Result "1/2-1/2"]
[WhiteElo "2290"]
[BlackElo "2487"]
[EventDate "2002.12.09"]
[PlyCount "109"]

1.d4 Nf6 2.Nf3 e6 3.c4 b6 4.a3 Ba6 5.e3 c5 6.Be2 cxd4 7.Nxd4 Bb7 8.O-O Be7
9.Nc3 O-O 10.Bf3 Qc8 11.Bd2 Nc6 12.Nxc6 Bxc6 13.e4 d6 14.Rc1 Qb8 15.Bf4 
Nd7 16.Qd2 a6 17.Bg3 Rc8 18.Rcd1 Ne5 19.Be2 b5 20.cxb5 axb5 21.f4 Nc4 22.
Bxc4 bxc4 23.f5 Qb6+ 24.Kh1 exf5 25.exf5 Bf6 26.Bf4 Qb7 27.Rf2 d5 28.Bg5 
Be5 29.Re2 d4 30.Rxe5 dxc3 31.Qxc3 f6 32.Bxf6 gxf6 33.Re3 Qf7 34.Rd6 Ra6 
35.Qd4 Bxg2+ 36.Kxg2 Rxd6 37.Qxd6 Kh8 38.Kf2 Rg8 39.Qe6 Qg7 40.Rg3 Qa7+ 
41.Kg2 Qb7+ 42.Kh3 Rxg3+ 43.hxg3 Qh1+ 44.Kg4 h5+ 45.Kf4 Qf1+ 46.Ke4 Qd3+ 
47.Kf4 Qd2+ 48.Kf3 Qxb2 49.Qxc4 Qxa3+ 50.Kg2 Qa8+ 51.Kh2 Qf3 52.Qb5 Kg7 
53.Qd7+ Kh6 54.Qd2+ Kg7 55.Qd7+ 1/2-1/2

[Event "41st World U20 ch"]
[Site "Panaji IND"]
[Date "2002.12.10"]
[Round "3.20"]
[White "Bar, Roman"]
[Black "Singh, Rishipal"]
[Result "1/2-1/2"]
[WhiteElo "2413"]
[BlackElo "2252"]
[EventDate "2002.12.09"]
[PlyCount "69"]

1.e4 c5 2.Nf3 a6 3.c4 d6 4.d4 Bg4 5.d5 e5 6.dxe6 fxe6 7.Be2 Nc6 8.O-O Be7 
9.Nc3 Bf6 10.e5 Nxe5 11.Nxe5 Bxe2 12.Qxe2 Bxe5 13.Ne4 Nf6 14.Nxc5 Bxh2+ 
15.Kxh2 dxc5 16.Qxe6+ Qe7 17.Qxe7+ Kxe7 18.f3 Kd6 19.Bf4+ Kc6 20.Rad1 Rhd8
21.Rfe1 Rxd1 22.Rxd1 Ne8 23.Be5 b5 24.cxb5+ axb5 25.a3 Ra7 26.Rd8 Re7 27.
f4 Re6 28.Kh3 g5 29.g3 gxf4 30.gxf4 Nd6 31.Kg4 Rg6+ 32.Kf3 Nf7 33.Re8 Kd5 
34.Bc3 Nd6 35.Rf8 1/2-1/2

[Event "41st World U20 ch"]
[Site "Panaji IND"]
[Date "2002.12.10"]
[Round "3.21"]
[White "Jirka, Jiri"]
[Black "Phoobalan, P."]
[Result "0-1"]
[WhiteElo "2378"]
[BlackElo "2227"]
[EventDate "2002.12.09"]
[PlyCount "82"]

1.d4 Nf6 2.c4 e6 3.g3 Bb4+ 4.Bd2 Be7 5.Bg2 d5 6.Nf3 O-O 7.O-O b6 8.Qc2 Bb7
9.cxd5 exd5 10.b4 Ne4 11.Bf4 c6 12.Nbd2 Nxd2 13.Bxd2 Nd7 14.a4 c5 15.a5 
Ba6 16.Rfe1 cxb4 17.Qc6 Bc4 18.Bh3 Nf6 19.Ne5 b5 20.Qb7 Bd6 21.Nc6 Qe8 22.
Bxb4 Bxb4 23.Nxb4 Qb8 24.a6 Qd6 25.Nc6 Ne4 26.Nxa7 Qf6 27.Rf1 Bxe2 28.Nc6 
Bxf1 29.Rxf1 Nd2 30.Rd1 Ne4 31.f4 Rae8 32.a7 Nc3 33.Rf1 Ne2+ 34.Kg2 Nxd4 
35.Nb8 Qg6 36.f5 Re2+ 37.Rf2 Rxf2+ 38.Kxf2 Qh6 39.Bg4 Qd2+ 40.Kg1 Re8 41.
Be2 Nxe2+ 0-1

[Event "41st World U20 ch"]
[Site "Panaji IND"]
[Date "2002.12.10"]
[Round "3.22"]
[White "Simutowe, Amon"]
[Black "Sangma, Rahul"]
[Result "1-0"]
[WhiteElo "2383"]
[BlackElo "2214"]
[EventDate "2002.12.09"]
[PlyCount "63"]

1.d4 Nf6 2.c4 e6 3.Nc3 Bb4 4.e3 b6 5.Ne2 c5 6.a3 Ba5 7.Rb1 Na6 8.d5 Bb7 9.
Bd2 O-O 10.e4 exd5 11.cxd5 Re8 12.f3 d6 13.Kf2 b5 14.g4 b4 15.axb4 Bxb4 
16.Ng3 Nc7 17.h4 Rb8 18.Bg5 h6 19.Bf4 Bxc3 20.bxc3 Nfxd5 21.exd5 Nxd5 22.
Bd2 Qf6 23.g5 Qe5 24.Qe1 Qxe1+ 25.Bxe1 hxg5 26.hxg5 Re3 27.Ne4 Rxf3+ 28.
Kxf3 Nxc3 29.Rxb7 Rxb7 30.Bxc3 Rb3 31.Bc4 Ra3 32.g6 1-0

[Event "41st World U20 ch"]
[Site "Panaji IND"]
[Date "2002.12.10"]
[Round "3.23"]
[White "Thakur, Akash"]
[Black "Gozzoli, Yannick"]
[Result "0-1"]
[WhiteElo "2257"]
[BlackElo "2377"]
[EventDate "2002.12.09"]
[PlyCount "82"]

1.e4 Nf6 2.e5 Nd5 3.d4 d6 4.c4 Nb6 5.exd6 cxd6 6.h3 g6 7.Nf3 Bg7 8.Nc3 O-O
9.Be2 Nc6 10.O-O Bf5 11.Be3 d5 12.g4 Bc8 13.c5 Nc4 14.Bc1 b6 15.b3 bxc5 
16.bxc4 cxd4 17.cxd5 dxc3 18.dxc6 Qxd1 19.Rxd1 c2 20.Rd4 Rb8 21.Bd3 e5 22.
Ba3 exd4 23.Bxf8 Kxf8 24.Rc1 Rb1 25.Rxb1 cxb1=Q+ 26.Bxb1 Ke7 27.Bd3 Be6 
28.a3 h6 29.Be4 Kd6 30.Nd2 f5 31.gxf5 gxf5 32.Bf3 d3 33.Kf1 Bb2 34.a4 Bc3 
35.Ke1 Bb3 36.Bd1 Bd5 37.f4 Bxc6 38.Bb3 Kc5 39.Be6 Kd4 40.Kd1 Bxa4+ 41.Kc1
Ke3 0-1

[Event "41st World U20 ch"]
[Site "Panaji IND"]
[Date "2002.12.10"]
[Round "3.24"]
[White "Carlsson, Pontus"]
[Black "Lim Yee Weng"]
[Result "1/2-1/2"]
[WhiteElo "2376"]
[BlackElo "2202"]
[EventDate "2002.12.09"]
[PlyCount "75"]

1.e4 c5 2.Nf3 d6 3.d4 cxd4 4.Nxd4 Nf6 5.Nc3 g6 6.Be2 Bg7 7.O-O Nc6 8.Be3 
O-O 9.Qd2 Bd7 10.Rad1 Rc8 11.f4 Qa5 12.Nb3 Qd8 13.h3 a6 14.Bf3 Be6 15.Nd5 
Nd7 16.c4 b6 17.Qf2 Nc5 18.e5 Bxd5 19.cxd5 Nb8 20.Bd4 Nxb3 21.axb3 Nd7 22.
Rfe1 b5 23.Qe3 Re8 24.Kh1 dxe5 25.fxe5 f6 26.exf6 exf6 27.Qxe8+ Qxe8 28.
Rxe8+ Rxe8 29.d6 f5 30.Bb7 Bxd4 31.Rxd4 Nc5 32.Bc6 Rd8 33.b4 Ne4 34.d7 Kf7
35.Bb7 Ke7 36.Bxa6 Nd6 37.Rd5 Rxd7 38.Bxb5 1/2-1/2

[Event "41st World U20 ch"]
[Site "Panaji IND"]
[Date "2002.12.10"]
[Round "3.25"]
[White "Ravichandran, Siddharth"]
[Black "Collins, Sam"]
[Result "1/2-1/2"]
[WhiteElo "2223"]
[BlackElo "2372"]
[EventDate "2002.12.09"]
[PlyCount "102"]

1.d4 d5 2.Bg5 h6 3.Bh4 c6 4.e3 Qb6 5.b3 e5 6.Nf3 Bg4 7.Be2 e4 8.Nfd2 Bxe2 
9.Qxe2 Nd7 10.O-O Ngf6 11.c4 Be7 12.Nc3 Qa5 13.Rac1 Bb4 14.Ndb1 O-O 15.Rc2
a6 16.c5 Rae8 17.Bg3 Re6 18.a3 Bxc3 19.Rxc3 Nh7 20.b4 Qd8 21.f3 exf3 22.
gxf3 Rfe8 23.Nd2 Qg5 24.Re1 Nhf6 25.Nf1 Nh5 26.Qg2 Nxg3 27.hxg3 f5 28.a4 
Qe7 29.Kf2 g5 30.Rc2 Nf6 31.Rce2 Qg7 32.Nd2 g4 33.f4 h5 34.Qh2 Kf7 35.Qh4 
Rh8 36.a5 Nd7 37.Rh1 Rf6 38.Nb3 Nf8 39.Nc1 Ng6 40.Qg5 Qh6 41.Qxh6 Rxh6 42.
Nd3 h4 43.gxh4 Rxh4 44.Rxh4 Nxh4 45.Ne5+ Kg7 46.Kg3 Ng6 47.Rh2 Nxe5 48.
fxe5 Rh6 49.Rxh6 Kxh6 50.Kf4 Kg7 51.Kg3 Kf7 1/2-1/2

[Event "41st World U20 ch"]
[Site "Panaji IND"]
[Date "2002.12.10"]
[Round "3.26"]
[White "Deepan Chakravarthy, Jeyakumar"]
[Black "Nikhilesh, Kumar"]
[Result "1-0"]
[WhiteElo "2355"]
[BlackElo "2182"]
[EventDate "2002.12.09"]
[PlyCount "67"]

1.Nf3 Nf6 2.c4 c5 3.Nc3 d5 4.cxd5 Nxd5 5.Qb3 Nc7 6.g3 Nc6 7.Bg2 e5 8.d3 
Be7 9.O-O O-O 10.Be3 Rb8 11.Rac1 Be6 12.Qc2 f6 13.Qb1 Nd4 14.Rfe1 Qd7 15.
a3 Rfc8 16.Nd2 b5 17.Nce4 Nd5 18.Bxd4 cxd4 19.Nb3 Bf7 20.Nbc5 Bxc5 21.Nxc5
Qd6 22.Ne4 Qe7 23.Bh3 Be6 24.Qa2 Kf7 25.Qb3 b4 26.Bxe6+ Kxe6 27.a4 f5 28.
Nd2 Qd7 29.e4 dxe3 30.fxe3 Kf6 31.e4 Nb6 32.exf5 Qd4+ 33.Kg2 Qd5+ 34.Ne4+ 
1-0

[Event "41st World U20 ch"]
[Site "Panaji IND"]
[Date "2002.12.10"]
[Round "3.27"]
[White "Soumya, Ranjan Mishra"]
[Black "Glinert, Stephen"]
[Result "0-1"]
[WhiteElo "2207"]
[BlackElo "2351"]
[EventDate "2002.12.09"]
[PlyCount "80"]

1.e4 d6 2.d4 Nf6 3.Nc3 g6 4.f4 Bg7 5.Nf3 O-O 6.Bd3 Nc6 7.O-O Bg4 8.Be3 e5 
9.fxe5 dxe5 10.d5 Nd4 11.Bxd4 exd4 12.Nb1 Re8 13.Nbd2 Bh6 14.h3 Bxd2 15.
Qxd2 Bxf3 16.gxf3 Nh5 17.f4 Ng3 18.Rfe1 Qh4 19.Qf2 Qxh3 20.Qf3 Qh4 21.Rad1
Nh5 22.Rf1 Qg3+ 23.Qxg3 Nxg3 24.Rfe1 Nh5 25.Rf1 Nf6 26.Rfe1 a6 27.a4 Re7 
28.Kg2 Rae8 29.d6 cxd6 30.Kf3 Nd5 31.Re2 Nb4 32.Bc4 d5 33.exd5 Rxe2 34.
Bxe2 Nxc2 35.Rd2 Rc8 36.Ke4 Kf8 37.Bd1 Ne3 38.Bb3 Nf5 39.Ke5 Re8+ 40.Kf6 
h6 0-1

[Event "41st World U20 ch"]
[Site "Panaji IND"]
[Date "2002.12.10"]
[Round "3.28"]
[White "Asauskas, Henrikas"]
[Black "Gopal, Geetha Narayanan"]
[Result "1/2-1/2"]
[WhiteElo "2331"]
[BlackElo "2174"]
[EventDate "2002.12.09"]
[PlyCount "183"]

1.e4 c5 2.Nf3 Nc6 3.d4 cxd4 4.Nxd4 Nf6 5.Nc3 e5 6.Nf3 Bb4 7.Bc4 Nxe4 8.O-O
Nxc3 9.bxc3 Be7 10.Qd5 O-O 11.Nxe5 Nxe5 12.Qxe5 d6 13.Qe4 Bf6 14.Ba3 Re8 
15.Qd3 Be6 16.Bb5 Bd7 17.Rab1 Rc8 18.c4 Bxb5 19.Rxb5 Qc7 20.Bxd6 Qxc4 21.
Qxc4 Rxc4 22.Rxb7 Rxc2 23.Rxa7 Rxf2 24.Kxf2 Bd4+ 25.Kf3 Bxa7 26.Rc1 h6 27.
Rc3 Re6 28.Bg3 Ra6 29.a3 Bd4 30.Rc8+ Kh7 31.Rc7 Kg6 32.Rd7 Rxa3+ 33.Ke4 
Bf6 34.Rb7 Bg5 35.Rb6+ f6 36.Bf2 h5 37.h3 Bh6 38.Rb2 f5+ 39.Ke5 Bg5 40.Rc2
Bf6+ 41.Kf4 Bg5+ 42.Ke5 Ra4 43.Re2 Bf6+ 44.Kd5 f4 45.Bc5 Kf5 46.Rf2 g5 47.
g3 Ra1 48.h4 Rd1+ 49.Kc6 Rc1 50.Kd5 Rd1+ 51.Kc6 Kg4 52.hxg5 Bxg5 53.gxf4 
Bxf4 54.Be7 Re1 55.Bd8 Re6+ 56.Kd7 Re4 57.Rf1 Re2 58.Kc6 Re8 59.Kd7 Re2 
60.Kc6 Rc2+ 61.Kd7 Rg2 62.Rb1 Bg5 63.Rb4+ Kh3 64.Rb3+ Kh4 65.Bc7 Kg4 66.
Rb4+ Kf5 67.Rb5+ Kg6 68.Ke6 h4 69.Rb3 Re2+ 70.Kd5 Kf5 71.Rf3+ Kg4 72.Rf8 
h3 73.Kd4 Rc2 74.Bb8 Rd2+ 75.Ke4 Re2+ 76.Kd3 Re3+ 77.Kc2 Rf3 78.Rh8 Rf2+ 
79.Kd1 Rd2+ 80.Ke1 Rb2 81.Kf1 Rb1+ 82.Ke2 Rb2+ 83.Kf1 Rb1+ 84.Ke2 Rb6 85.
Kf1 Rf6+ 86.Ke2 Rf7 87.Bd6 Rd7 88.Bb8 Rf7 89.Bd6 Rf5 90.Bb8 Rb5 91.Kf1 Ra5
92.Ke2 1/2-1/2

[Event "41st World U20 ch"]
[Site "Panaji IND"]
[Date "2002.12.10"]
[Round "3.29"]
[White "Li Qun"]
[Black "Akshayraj, Kore"]
[Result "1/2-1/2"]
[WhiteElo "2320"]
[BlackElo "2167"]
[EventDate "2002.12.09"]
[PlyCount "43"]

1.e4 c5 2.c3 d5 3.exd5 Qxd5 4.d4 Nc6 5.Nf3 Bg4 6.Be2 e6 7.h3 Bh5 8.c4 Qd7 
9.d5 exd5 10.cxd5 Bxf3 11.Bxf3 Nd4 12.O-O Bd6 13.Nc3 Nxf3+ 14.Qxf3 Ne7 15.
Ne4 O-O 16.Rd1 Ng6 17.Bd2 Rfe8 18.Bc3 b6 19.a3 Be5 20.Rac1 Rad8 21.b4 c4 
22.Bd2 1/2-1/2

[Event "41st World U20 ch"]
[Site "Panaji IND"]
[Date "2002.12.10"]
[Round "3.30"]
[White "Darban, Varighan"]
[Black "Byomakesh, Nayak"]
[Result "1-0"]
[WhiteElo "2310"]
[BlackElo "2136"]
[EventDate "2002.12.09"]
[PlyCount "49"]

1.e4 e6 2.d4 d5 3.Nd2 dxe4 4.Nxe4 Bd7 5.Nf3 Bc6 6.Bd3 Nd7 7.O-O Ngf6 8.
Ned2 Be7 9.Re1 Bxf3 10.Qxf3 c6 11.c3 O-O 12.Nc4 Rc8 13.Bf4 Nb6 14.Na5 Qd7 
15.Be5 Nbd5 16.Rad1 Rfe8 17.a3 b6 18.Nb3 a5 19.c4 Nc7 20.Bc2 a4 21.Nd2 b5 
22.Ne4 Nxe4 23.Bxe4 Na8 24.Bxh7+ Kxh7 25.Qxf7 1-0

[Event "41st World U20 ch"]
[Site "Panaji IND"]
[Date "2002.12.10"]
[Round "3.31"]
[White "Vuilleumier, Alexandre"]
[Black "Annaberdiev, Meilis"]
[Result "0-1"]
[WhiteElo "2193"]
[BlackElo "2305"]
[EventDate "2002.12.09"]
[PlyCount "80"]

1.e4 d5 2.exd5 Nf6 3.c4 c6 4.d4 cxd5 5.Nc3 e6 6.Nf3 Be7 7.Bg5 O-O 8.Rc1 
dxc4 9.Bxc4 Nc6 10.O-O b6 11.Re1 Bb7 12.Bd3 Nd5 13.Bxe7 Ncxe7 14.Re5 Nf4 
15.Bb1 Neg6 16.Re3 Rc8 17.Ne4 Rxc1 18.Qxc1 Qa8 19.Qd1 Rc8 20.h4 Rc7 21.Kh2
Qd8 22.g3 Nd5 23.Re1 Nf6 24.Nfg5 h6 25.h5 Nf8 26.Nh3 Rd7 27.Qa4 Bxe4 28.
Bxe4 Rxd4 29.Qc6 Nxh5 30.Bf3 Nf6 31.Kg2 Ng6 32.Qb7 Rd7 33.Qa6 Kh7 34.Rc1 
e5 35.Rc8 Qe7 36.Ra8 e4 37.Be2 e3 38.f3 Rd2 39.Qc4 Qd7 40.Ng1 Nh5 0-1

[Event "41st World U20 ch"]
[Site "Panaji IND"]
[Date "2002.12.10"]
[Round "3.32"]
[White "Sprenger, Wendelin"]
[Black "Sharma, R. Preetham"]
[Result "1/2-1/2"]
[WhiteElo "2174"]
[BlackElo "2311"]
[EventDate "2002.12.09"]
[PlyCount "111"]

1.g3 g6 2.Bg2 Bg7 3.c4 d6 4.Nc3 e5 5.d3 Nc6 6.Nf3 f5 7.O-O Nf6 8.Rb1 h6 9.
Nd2 O-O 10.b4 g5 11.b5 Ne7 12.a4 Rb8 13.Ba3 b6 14.Qb3 Kh8 15.Bb2 Bb7 16.
Bxb7 Rxb7 17.Ra1 Qe8 18.f3 h5 19.Nd5 Qf7 20.e4 Nexd5 21.cxd5 f4 22.gxf4 
exf4 23.Qc2 Rbb8 24.Rac1 Rbc8 25.Nb3 Nd7 26.Nd4 Bxd4+ 27.Bxd4+ Kh7 28.Kh1 
Rg8 29.Qf2 Rg6 30.Rc2 Ne5 31.Bxe5 dxe5 32.d4 Qg7 33.Rc6 Rxc6 34.bxc6 Rd8 
35.Rd1 Kg6 36.Qb2 exd4 37.Qxd4 Qxd4 38.Rxd4 Kf6 39.d6 cxd6 40.c7 Rc8 41.
Rxd6+ Ke7 42.Rg6 Rxc7 43.Rxg5 Rc3 44.Kg2 Rc2+ 45.Kh3 Rf2 46.Rxh5 Rxf3+ 47.
Kg4 Ra3 48.Kxf4 Rxa4 49.Kf5 Ra2 50.Rh7+ Kf8 51.Kf6 Kg8 52.Rg7+ Kh8 53.Rb7 
Rxh2 54.e5 Rh6+ 55.Kf5 Kg8 56.Rxa7 1/2-1/2

[Event "41st World U20 ch"]
[Site "Panaji IND"]
[Date "2002.12.10"]
[Round "3.33"]
[White "Kamble, Vikramaditya"]
[Black "Sriram, Sarja"]
[Result "1-0"]
[WhiteElo "2317"]
[BlackElo "2100"]
[EventDate "2002.12.09"]
[PlyCount "80"]

1.e4 c5 2.Nf3 d6 3.d4 cxd4 4.Nxd4 Nf6 5.Nc3 a6 6.Be2 e5 7.Nb3 Be7 8.O-O 
O-O 9.Kh1 Qc7 10.f4 b5 11.Be3 Bb7 12.Nd5 Nxd5 13.exd5 Nd7 14.Rc1 exf4 15.
Bxf4 Nb6 16.Bf3 Nc4 17.Nd4 Nxb2 18.Qe1 Rfe8 19.Qg3 Bf8 20.Nf5 Nc4 21.Bh6 
g6 22.Rce1 Bxh6 23.Nxh6+ Kg7 24.Qg5 Rxe1 25.Rxe1 Qd8 26.Nf5+ Kg8 27.Nh6+ 
Kg7 28.Re7 Ne5 29.h4 Bc8 30.Nxf7 Qxe7 31.Qxe7 Nxf7 32.h5 Bf5 33.hxg6 Kg8 
34.Qf6 Nh6 35.Qxd6 Nf7 36.Qc6 Rc8 37.Qxa6 Rxc2 38.d6 Bd7 39.Bd5 Rc8 40.Qb7
Bf5 1-0

[Event "41st World U20 ch"]
[Site "Panaji IND"]
[Date "2002.12.10"]
[Round "3.34"]
[White "Macak, Stefan"]
[Black "Arjun Tiwari, Deepak"]
[Result "0-1"]
[WhiteElo "2246"]
[BlackElo "2154"]
[EventDate "2002.12.09"]
[PlyCount "94"]

1.e4 c5 2.Nf3 Nc6 3.d4 cxd4 4.Nxd4 Nf6 5.Nc3 e5 6.Ndb5 d6 7.Bg5 a6 8.Na3 
b5 9.Bxf6 gxf6 10.Nd5 f5 11.Bd3 Be6 12.c4 bxc4 13.Nxc4 Bxd5 14.exd5 Nd4 
15.Qa4+ Ke7 16.O-O Bg7 17.Rae1 Re8 18.Nxe5 Bxe5 19.Qxd4 Kf8 20.Qa4 f4 21.
Qe4 h6 22.Qf3 Qg5 23.b3 Rec8 24.Rc1 a5 25.Rc6 Rcb8 26.Ba6 Rb4 27.Bc4 h5 
28.h3 Rb7 29.a4 Re7 30.Be2 h4 31.Rfc1 Rae8 32.Ra6 Bd4 33.Rc2 Re3 34.Qh5 
Qxh5 35.Bxh5 Rxb3 36.Kh2 Rb1 37.Rc7 Bxf2 38.Rxf7+ Kg8 39.g3 fxg3+ 40.Kg2 
Rb2 41.Kf3 Bc5 42.Rf5 Rf2+ 43.Kg4 g2 44.Rg5+ Kh8 45.Bxe8 g1=Q+ 46.Kxh4 
Rf4+ 47.Kh5 Qe1 0-1

[Event "41st World U20 ch"]
[Site "Panaji IND"]
[Date "2002.12.10"]
[Round "3.35"]
[White "Borchgrevink, Harald"]
[Black "Russell, Majwuana Kankanamge Athula"]
[Result "0-1"]
[WhiteElo "2174"]
[BlackElo "2243"]
[EventDate "2002.12.09"]
[PlyCount "46"]

1.c4 Nf6 2.d4 e6 3.g3 d5 4.Bg2 Be7 5.Nf3 O-O 6.O-O dxc4 7.Qc2 a6 8.Qxc4 b5
9.Qc2 Bb7 10.a4 b4 11.Nbd2 Nbd7 12.Rd1 c5 13.Nc4 Rc8 14.b3 Be4 15.Qa2 Nb6 
16.Nxb6 Qxb6 17.Be3 Nd5 18.dxc5 Qb7 19.c6 Rxc6 20.Nd4 Bxg2 21.Nxc6 Qxc6 
22.Bd4 Nc3 23.Rdc1 Nxa2 0-1

[Event "41st World U20 ch"]
[Site "Panaji IND"]
[Date "2002.12.10"]
[Round "3.37"]
[White "Naveen, R."]
[Black "Eriksson, Jonas"]
[Result "0-1"]
[WhiteElo "2099"]
[BlackElo "2278"]
[EventDate "2002.12.09"]
[PlyCount "166"]

1.e4 Nf6 2.e5 Nd5 3.d4 d6 4.c4 Nb6 5.exd6 exd6 6.Bd3 Nc6 7.Ne2 Be7 8.O-O 
Bg4 9.f3 Bh5 10.Be3 Bg6 11.a3 Bxd3 12.Qxd3 O-O 13.Nd2 a5 14.b3 Re8 15.Ng3 
d5 16.c5 Nd7 17.b4 axb4 18.axb4 Nxb4 19.Qb3 Bf6 20.Bf2 Rxa1 21.Rxa1 Nc6 
22.Ra4 Nf8 23.Qxb7 Qd7 24.Nh5 Bg5 25.f4 Rb8 26.Qa6 Bd8 27.Ra1 Ne6 28.Qd3 
Nb4 29.Qc3 g6 30.f5 Ng5 31.fxg6 hxg6 32.Ng3 Bf6 33.Rb1 Qa4 34.Nf3 Nc6 35.
Rxb8+ Nxb8 36.Nxg5 Bxg5 37.Qf3 Qd7 38.Ne2 Nc6 39.Nc3 Ne7 40.Be3 Bxe3+ 41.
Qxe3 Nc6 42.h3 Kg7 43.Qg5 Ne7 44.Qe5+ f6 45.Qe2 Nf5 46.Qd3 Qe6 47.Qe2 Qd7 
48.Qf3 c6 49.Qd3 Qe7 50.Ne2 Ne3 51.Kf2 Nc4 52.Nf4 f5 53.g4 Qh4+ 54.Qg3 Qf6
55.Kg2 fxg4 56.hxg4 Nd2 57.Qe3 Ne4 58.Ne2 Qe6 59.Qf4 Nxc5 60.Qc7+ Nd7 61.
Kf2 Qxg4 62.Qxc6 Qf5+ 63.Ke1 Qb1+ 64.Kf2 Qf5+ 65.Ke1 g5 66.Nc3 Nf6 67.Qc7+
Kg6 68.Qe5 Qf3 69.Ne2 Qh1+ 70.Kd2 Qb1 71.Ng3 Qb2+ 72.Ke1 Qc3+ 73.Ke2 Qc2+ 
74.Kf1 Qd1+ 75.Kg2 Qd3 76.Kg1 Qf3 77.Nf1 Qg4+ 78.Ng3 Qf4 79.Qxf4 gxf4 80.
Ne2 Kf5 81.Nc3 f3 82.Kf2 Ne4+ 83.Nxe4 Kxe4 0-1

[Event "41st World U20 ch"]
[Site "Panaji IND"]
[Date "2002.12.10"]
[Round "3.38"]
[White "Pratik Shriwas, R."]
[Black "Pranjal, Phukan"]
[Result "1-0"]
[WhiteElo "2148"]
[BlackElo "2059"]
[EventDate "2002.12.09"]
[PlyCount "51"]

1.d3 e6 2.g3 d5 3.Bg2 c5 4.Nd2 Nc6 5.Ngf3 Nf6 6.O-O Bd6 7.e4 O-O 8.Re1 
dxe4 9.dxe4 Bc7 10.c3 Rb8 11.a4 b6 12.Qe2 Bb7 13.Nf1 Qe7 14.e5 Nd7 15.Bf4 
h6 16.h4 Rfe8 17.N1h2 Nf8 18.h5 Nh7 19.Ng4 Kh8 20.Qc2 Rbd8 21.Nd2 Na5 22.
Bxb7 Nxb7 23.Ne4 Rd7 24.Bxh6 gxh6 25.Nef6 Nf8 26.Qc1 1-0

[Event "41st World U20 ch"]
[Site "Panaji IND"]
[Date "2002.12.10"]
[Round "3.39"]
[White "Cruz, Wilson"]
[Black "Gurpreet, Singh Maras"]
[Result "0-1"]
[WhiteElo "2021"]
[BlackElo "2145"]
[EventDate "2002.12.09"]
[PlyCount "77"]

1.e4 e5 2.Nf3 Nc6 3.Bc4 Nf6 4.Ng5 d5 5.exd5 Na5 6.Bb5+ c6 7.dxc6 bxc6 8.
Ba4 h6 9.Nf3 e4 10.Qe2 Be6 11.Ng1 Bc5 12.Nc3 O-O 13.Bb3 Nxb3 14.axb3 Re8 
15.h3 Bf5 16.Qc4 Qe7 17.Nge2 Nd7 18.Nd4 Qf6 19.Nxf5 Qxf5 20.Qe2 Re6 21.Ra4
Rae8 22.O-O Nb6 23.Ra1 Rg6 24.Kh1 Ree6 25.f3 Rg3 26.Kh2 exf3 27.Rxf3 Rxe2 
28.Rxg3 Re1 29.d4 Bxd4 30.Bxh6 Rxa1 31.Ne2 Be5 32.Bxg7 Bxg3+ 33.Nxg3 Qc5 
34.Ne4 Qg1+ 35.Kg3 Kxg7 36.h4 Qe3+ 37.Kh2 Qxe4 38.Kg3 Rh1 39.Kf2 0-1

[Event "41st World U20 ch"]
[Site "Panaji IND"]
[Date "2002.12.10"]
[Round "3.40"]
[White "Kosmo, Santul"]
[Black "Pereira, Edgar"]
[Result "1-0"]
[WhiteElo "2145"]
[BlackElo "2049"]
[EventDate "2002.12.09"]
[PlyCount "69"]

1.e4 c5 2.Nf3 d6 3.d4 cxd4 4.Nxd4 Nf6 5.Nc3 a6 6.Bg5 e6 7.f4 Be7 8.Qf3 Qc7
9.O-O-O Nbd7 10.g4 b5 11.Bxf6 Nxf6 12.g5 Nd7 13.f5 Nc5 14.f6 gxf6 15.gxf6 
Bf8 16.Rg1 h5 17.a3 Bd7 18.Bh3 Rb8 19.Rde1 a5 20.Rg7 b4 21.Nd5 Qb7 22.axb4
axb4 23.Nf4 Qa6 24.Nb3 Qc4 25.Nxc5 Qxc5 26.Qg3 b3 27.c3 Qa5 28.Nd3 h4 29.
Qg4 Rc8 30.Kd2 Rc7 31.Rg1 Bc8 32.Qf4 Qb5 33.Rg8 Rxg8 34.Rxg8 Ba6 35.Bf1 
1-0

[Event "41st World U20 ch"]
[Site "Panaji IND"]
[Date "2002.12.10"]
[Round "3.41"]
[White "Jagadish, H. D."]
[Black "Phanikanth, J. S. S."]
[Result "1-0"]
[WhiteElo "2130"]
[BlackElo "2012"]
[EventDate "2002.12.09"]
[PlyCount "30"]

1.e4 e5 2.Bc4 Nf6 3.Nf3 Bd6 4.O-O O-O 5.Re1 c6 6.d4 Re8 7.Ng5 Re7 8.f4 Qb6
9.fxe5 Bxe5 10.Be3 Bc7 11.e5 Nd5 12.Bxd5 cxd5 13.Nc3 Qc6 14.Qf3 Ba5 15.
Nxd5 Qxd5 1-0

[Event "41st World U20 ch"]
[Site "Panaji IND"]
[Date "2002.12.10"]
[Round "3.42"]
[White "Sanchit, Agarwal"]
[Black "Pradeep, T. S."]
[Result "1/2-1/2"]
[WhiteElo "2004"]
[BlackElo "2111"]
[EventDate "2002.12.09"]
[PlyCount "120"]

1.e4 c5 2.c3 d5 3.exd5 Qxd5 4.d4 Nc6 5.Nf3 Bg4 6.Be2 cxd4 7.cxd4 Nf6 8.Nc3
Qa5 9.O-O e6 10.h3 Bh5 11.a3 Be7 12.Qb3 Bxf3 13.Bxf3 Nxd4 14.Qxb7 Nxf3+ 
15.Qxf3 O-O 16.Bf4 Qb6 17.Qe2 Rfd8 18.Rfd1 Qb7 19.Rac1 Rac8 20.Rxd8+ Rxd8 
21.Qb5 Qxb5 22.Nxb5 Nd5 23.Be5 f6 24.Bd4 a6 25.Nc3 Nf4 26.Be3 Nd3 27.Rc2 
Rc8 28.a4 e5 29.Rd2 Rd8 30.Kf1 f5 31.f3 Bb4 32.Ke2 e4 33.fxe4 fxe4 34.Rc2 
Rc8 35.Bc1 Kf7 36.Ke3 Rc4 37.Bd2 Ke6 38.b3 Bc5+ 39.Ke2 Rd4 40.Nxe4 Rxe4+ 
41.Kxd3 Rd4+ 42.Ke2 Re4+ 43.Kf3 Re5 44.Bf4 Rd5 45.Rd2 Rf5 46.g4 Rf8 47.Kg3
h6 48.Re2+ Kd7 49.Bd2 Rb8 50.b4 Bxb4 51.Bf4 Rc8 52.Re3 g5 53.Rd3+ Ke6 54.
Be3 Rc2 55.Bf2 Bd6+ 56.Kf3 Rc4 57.Kg2 Bc5 58.Rd2 Bxf2 59.Rxf2 Rxa4 60.Re2+
Kd5 1/2-1/2

[Event "41st World U20 ch"]
[Site "Panaji IND"]
[Date "2002.12.11"]
[Round "4.1"]
[White "Smerdon, David"]
[Black "McShane, Luke"]
[Result "0-1"]
[WhiteElo "2382"]
[BlackElo "2546"]
[EventDate "2002.12.09"]
[PlyCount "110"]

1.e4 c5 2.Nf3 Nc6 3.c3 Nf6 4.e5 Nd5 5.d4 cxd4 6.Bc4 e6 7.cxd4 d6 8.O-O Be7
9.Qe2 O-O 10.Nc3 Nxc3 11.bxc3 dxe5 12.dxe5 Qa5 13.Qe4 Qa4 14.Bg5 h6 15.
Bxe7 Nxe7 16.Rab1 Rb8 17.Rb4 Qc6 18.Bd3 Qxe4 19.Bxe4 b6 20.Rd1 Bb7 21.Rd7 
Rfd8 22.Rbd4 Rxd7 23.Rxd7 Bxe4 24.Rxe7 Rc8 25.Nd4 a5 26.Nb5 Rc5 27.Nd6 
Rxc3 28.h4 Bg6 29.f4 Bh5 30.Rb7 Ra3 31.Rxb6 Rxa2 32.Rb8+ Kh7 33.Rb7 a4 34.
Nxf7 a3 35.Nd6 Rb2 36.Ra7 a2 37.Kh2 Bf3 38.f5 exf5 39.e6 Rxg2+ 40.Kh3 Re2 
41.e7 Rxe7 42.Rxa2 Kg6 43.Kg3 Bg4 44.Ra5 Re3+ 45.Kf4 Rf3+ 46.Ke5 Kh5 47.
Ra7 Kxh4 48.Rxg7 h5 49.Nb5 Re3+ 50.Kd4 Re1 51.Nd6 f4 52.Ne4 f3 53.Ra7 Bf5 
54.Nd6 Rd1+ 55.Ke5 Rxd6 0-1